The campaign of Liao-yang / (Record no. 553075)
[ view plain ]
| 000 -LEADER | |
|---|---|
| fixed length control field | 00559cam a22001697a 4500 |
| 082 ## - DEWEY DECIMAL CLASSIFICATION NUMBER | |
| Classification number | 952.031 |
| Author Mark | ROW |
| 100 1# - MAIN ENTRY--PERSONAL NAME | |
| Personal name | Rowan-Robinson, H. |
| 9 (RLIN) | 49499 |
| 245 14 - TITLE STATEMENT | |
| Title | The campaign of Liao-yang / |
| Statement of responsibility, etc. | by Major H. Rowan-Robinson. |
| 260 ## - PUBLICATION, DISTRIBUTION, ETC. | |
| Place of publication, distribution, etc. | London : |
| Name of publisher, distributor, etc. | Constable, |
| Date of publication, distribution, etc. | 1914. |
| 300 ## - PHYSICAL DESCRIPTION | |
| Extent | xv, 284 p. : |
| Other physical details | fold. maps ; |
| Dimensions | 21 cm. |
| 490 0# - SERIES STATEMENT | |
| Series statement | Campaigns and their lessons |
| 526 ## - STUDY PROGRAM INFORMATION NOTE | |
| Program name | 0 |
| Interest level | 0 |
| Reading level | 0 |
| Title point value | 952_031000000000000_ROW |
| 650 #0 - SUBJECT ADDED ENTRY--TOPICAL TERM | |
| Topical term or geographic name entry element | Liaoyang, Battle of, Liaoyang, China, 1904. |
| 9 (RLIN) | 50351 |
| 650 #0 - SUBJECT ADDED ENTRY--TOPICAL TERM | |
| Topical term or geographic name entry element | MCE |
| 9 (RLIN) | 379 |
| 650 #0 - SUBJECT ADDED ENTRY--TOPICAL TERM | |
| Topical term or geographic name entry element | Russo-Japanese War, 1904-1905. |
| 9 (RLIN) | 49509 |
| 942 ## - ADDED ENTRY ELEMENTS (KOHA) | |
| Source of classification or shelving scheme | |
| Koha item type | Book |
| Withdrawn status | Lost status | Source of classification or shelving scheme | Damaged status | Not for loan | Permanent Location | Current Location | Shelving location | Date acquired | Total Checkouts | Full call number | Barcode | Date last seen | Price effective from | Koha item type |
|---|---|---|---|---|---|---|---|---|---|---|---|---|---|---|
| Military College of Engineering (MCE) | Military College of Engineering (MCE) | 01/29/2015 | 952.031 ROW | MCE-ECC /40 | 01/29/2015 | 01/29/2015 | Book |
